00428nam a2200109Ia 4500008004100000050002300041100002700064245009300091260008600184300003300270521001500303140724s9999 xx 000 0 und d aNC 997b.M433 2013 aMatiga, Jenny Marie B. 2aA three dimensional (3D) Virtual Tour of the SISC Media Center /cJenny Marie B. Matiga. aLas Piñas, Philippines :bSouthville International School and Colleges,cc2013. a60 p. :bcol. ill. ;c28 cm. aMedia Arts